| 000 | 01654cam a22001934a 4500 | ||
|---|---|---|---|
| 005 | 20250605163314.0 | ||
| 008 | 250528s ||||||||||||||||||||||||d | ||
| 035 | _a16493 | ||
| 020 | _a9602104619 | ||
| 040 |
_aGR-AtMCL _bgre _dGR-AtMCL _eAACR2 |
||
| 245 | 1 | _aΈνα Μέλλον Χωρίς Παιδική Εργασία / Διεθνής Οργάνωση Εργασίας | |
| 250 | _a1η | ||
| 260 |
_bInternational Labour Office _bΟδυσσέας, _c2003 |
||
| 300 | _a144 | ||
| 520 | _aΠρόλογος, Εισαγωγικό Σημείωμα, Παιδική Εργασία - Δυναμική Εικόνα του Προβλήματος Διεθνώς, Παιδική Εργασία: Τι Πρέπει να Καταργηθεί και Γιατί;, Έκταση και Μορφή του Προβλήματος, Παιδική Εργασία και Αναπτυξιακοί Κλονισμοί, Η Κατανόηση της Παιδικής Εργασίας Απαραίτητη Προϋπόθεση για την Κατάργηση της, Η Οικουμενική Απάντηση στο Πρόβλημα της Παιδικής Εργασίας, Καλύτερη Ενημέρωση Σημαίνει Αποτελεσματική Δράση, Διεθνής Δράση Υποστήριξης Εθνικών Εταίρων, Εθνικές Κυβερνήσεις στην Πρώτη Γραμμή του Πολέμου, Δράση για την Καταπολέμηση της Παιδικής Εργασίας: Ανασκόπηση της Μέχρι Τώρα Σχετικής Εμπειρίας. | ||
| 942 | _cBK | ||
| 999 |
_c1987 _d1987 |
||